Normal view
MARC view
Entry Personal Name
001 - CONTROL NUMBER
- control field: 24052
003 - CONTROL NUMBER IDENTIFIER
- control field: OSt
005 - DATE AND TIME OF LATEST TRANSACTION
- control field: 20210601145808.0
008 - FIXED-LENGTH DATA ELEMENTS
- fixed length control field: 210601|| aca||aabn | a|a d
040 ## - CATALOGING SOURCE
- Original cataloging agency: OSt
- Transcribing agency: OSt
100 ## - HEADING--PERSONAL NAME
- Personal name: Bera, Manasi and Debey, Amaresh
670 ## - SOURCE DATA FOUND
- Source citation: Work cat.: (OSt)515618: Bera, Manasi and Debey, Amaresh, Structure and changes in household income and employment across social groups in rural India
